[Event "GER-ch54 V02 email"]
[Site "GER email"]
[Date "2022.05.01"]
[Round "?"]
[White "Frotscher, Thomas"]
[Black "Tornow, Michael"]
[Result "1/2-1/2"]
[WhiteElo "2194"]
[BlackElo "2129"]
[PlyCount "42"]
[EventDate "2022.05.01"]
[EventType "tourn (corr)"]
[EventRounds "10"]
[EventCountry "GER"]
[SourceTitle "Corr 2024"]
[Source "ChessBase"]
[SourceDate "2023.10.19"]
[SourceVersion "1"]
[SourceVersionDate "2023.10.19"]
[SourceQuality "1"]

1. e4 e5 2. Nf3 Nc6 3. Bb5 a6 4. Ba4 Nf6 5. 0-0 Be7 6. Re1 b5 7. Bb3 0-0 8. h3 Bb7 9. d3 d5 10. exd5 Nxd5 11. Nxe5 Nd4 12. Nc3 Nb4 13. Ne4 Nxb3 14. axb3 Qd5 15. Bf4 f5 16. c4 Qd4 17. Nf3 Qxd3 18. Neg5 Rfe8 19. Ne6 Bxf3 20. gxf3 Bd6 21. Bxd6 Qxd6 1/2-1/2

[Event "SM-2021-0-00449"]
[Site "LSS email"]
[Date "2021.07.18"]
[Round "?"]
[White "Tornow, Michael"]
[Black "Misericordia, Antonio"]
[Result "1/2-1/2"]
[WhiteElo "2250"]
[BlackElo "2321"]
[PlyCount "61"]
[EventDate "2021.05.18"]
[EventType "tourn (corr)"]
[EventRounds "6"]
[EventCountry "GER"]
[SourceTitle "Corr 2024"]
[Source "ChessBase"]
[SourceDate "2023.10.19"]
[SourceVersion "1"]
[SourceVersionDate "2023.10.19"]
[SourceQuality "1"]

1. e4 e5 2. Nf3 Nc6 3. Bb5 a6 4. Ba4 Nf6 5. 0-0 b5 6. Bb3 Bb7 7. d3 Be7 8. Nc3 0-0 9. Be3 d6 10. a3 Qd7 11. Nd5 Nxd5 12. Bxd5 Nd8 13. Bxb7 Nxb7 14. b4 a5 15. c4 Rfc8 16. Qb3 Nd8 17. Rfb1 axb4 18. axb4 Ne6 19. h3 Rcb8 20. Qc3 Rxa1 21. Rxa1 Qc6 22. Bd2 h6 23. g3 Bg5 24. Be1 g6 25. h4 Bf6 26. Ra5 bxc4 27. Qxc4 Qd7 28. Ra7 Kg7 29. Bc3 Rb6 30. Qd5 Qc6 31. Qc4 1/2-1/2

[Event "RM-2021-0-00241"]
[Site "LSS email"]
[Date "2021.05.30"]
[Round "?"]
[White "Tornow, Michael"]
[Black "Oliveira, Diogo"]
[Result "1/2-1/2"]
[WhiteElo "2255"]
[BlackElo "2220"]
[PlyCount "83"]
[EventDate "2021.03.25"]
[EventType "tourn (corr)"]
[EventRounds "6"]
[EventCountry "GER"]
[SourceTitle "Corr 2024"]
[Source "ChessBase"]
[SourceDate "2023.10.19"]
[SourceVersion "1"]
[SourceVersionDate "2023.10.19"]
[SourceQuality "1"]

1. Nf3 Nf6 2. c4 e6 3. g3 d5 4. Bg2 dxc4 5. Qa4+ Bd7 6. Qxc4 c5 7. Ne5 Qc8 8. Qd3 Nc6 9. Nxd7 Nxd7 10. Nc3 Be7 11. 0-0 Nde5 12. Qb5 a6 13. Qb6 0-0 14. d3 c4 15. dxc4 Nxc4 16. Qb3 b5 17. Qc2 Rb8 18. b3 Nd4 19. Qd3 Nb6 20. Qxd4 Bf6 21. Qg4 Qxc3 22. Bf4 Qb4 23. h3 Rbd8 24. Rad1 Nd5 25. Bxd5 exd5 26. Rd2 Qe7 27. Rc1 b4 28. Rd3 Bc3 29. Rcd1 Rfe8 30. Bg5 f6 31. Be3 Qe5 32. Bb6 Rb8 33. Ba7 Ra8 34. Re3 Qd6 35. Rxe8+ Rxe8 36. e3 Qc6 37. Qf5 Re5 38. Qc2 Re7 39. Bd4 Rc7 40. Rc1 Qd6 41. a4 a5 42. Qf5 1/2-1/2

[Event "SM-2021-0-00444"]
[Site "LSS email"]
[Date "2021.05.05"]
[Round "?"]
[White "Ress, Jacques"]
[Black "Tornow, Michael"]
[Result "1/2-1/2"]
[WhiteElo "2315"]
[BlackElo "2261"]
[PlyCount "36"]
[EventDate "2021.02.18"]
[EventType "tourn (corr)"]
[EventRounds "6"]
[EventCountry "GER"]
[SourceTitle "Corr 2024"]
[Source "ChessBase"]
[SourceDate "2023.10.19"]
[SourceVersion "1"]
[SourceVersionDate "2023.10.19"]
[SourceQuality "1"]

1. d4 Nf6 2. Nf3 d5 3. c4 c6 4. Nc3 e6 5. Bg5 dxc4 6. e4 b5 7. e5 h6 8. Bh4 g5 9. Nxg5 hxg5 10. Bxg5 Nbd7 11. exf6 Bb7 12. g3 c5 13. d5 Qb6 14. Bg2 0-0-0 15. 0-0 b4 16. Na4 Qb5 17. a3 Nb8 18. Qe2 Qxa4 1/2-1/2

[Event "GER-ch51 final email"]
[Site "GER email"]
[Date "2021.01.18"]
[Round "?"]
[White "Dorer, Manfred"]
[Black "Tornow, Michael"]
[Result "1/2-1/2"]
[WhiteElo "2181"]
[BlackElo "2132"]
[PlyCount "64"]
[EventDate "2021.??.??"]
[EventType "tourn (corr)"]
[EventRounds "14"]
[EventCountry "GER"]
[SourceTitle "Corr 2024"]
[Source "ChessBase"]
[SourceDate "2023.10.19"]
[SourceVersion "1"]
[SourceVersionDate "2023.10.19"]
[SourceQuality "1"]

1. d4 d5 2. c4 c6 3. Nf3 Nf6 4. Nc3 e6 5. Bg5 h6 6. Bh4 dxc4 7. e4 g5 8. Bg3 b5 9. Be2 Bb7 10. 0-0 Nbd7 11. Ne5 Bg7 12. Nxd7 Nxd7 13. Bd6 a6 14. a4 b4 15. Bxb4 Qb6 16. Ba3 Qxd4 17. Qc2 c5 18. Rad1 Qe5 19. Bxc4 Qc7 20. Ne2 Be5 21. Kh1 0-0 22. b3 Nf6 23. Bd3 Rfd8 24. f3 Bxh2 25. Qxc5 Nd7 26. Qf2 Bd6 27. Bxd6 Qxd6 28. Bb5 Qe7 29. Rxd7 Rxd7 30. Bxd7 Qxd7 31. Ng3 Qd6 32. Nh5 Kh7 1/2-1/2

[Event "GER-ch51 final email"]
[Site "GER email"]
[Date "2021.01.18"]
[Round "?"]
[White "Tornow, Michael"]
[Black "Jugl, Peter"]
[Result "1/2-1/2"]
[WhiteElo "2132"]
[BlackElo "2001"]
[PlyCount "63"]
[EventDate "2021.??.??"]
[EventType "tourn (corr)"]
[EventRounds "14"]
[EventCountry "GER"]
[SourceTitle "Corr 2024"]
[Source "ChessBase"]
[SourceDate "2023.10.19"]
[SourceVersion "1"]
[SourceVersionDate "2023.10.19"]
[SourceQuality "1"]

1. e4 e5 2. Nf3 Nc6 3. Bb5 Nf6 4. d3 Bc5 5. c3 0-0 6. 0-0 d5 7. Nbd2 dxe4 8. dxe4 a5 9. h3 Qe7 10. a4 h6 11. Re1 Rd8 12. Qe2 Nb8 13. Nf1 Nbd7 14. Ng3 Nf8 15. Be3 Bxe3 16. Qxe3 Ng6 17. Nf5 Qf8 18. g3 Be6 19. Kg2 Nd7 20. Qe2 Nb6 21. Ne3 f6 22. Red1 Rxd1 23. Qxd1 Ne7 24. Qc2 Nec8 25. Be2 Qc5 26. Rd1 Nd6 27. c4 Nd7 28. Nh4 Qc6 29. Nd5 Kh7 30. Bh5 Nc5 31. b3 Qd7 32. Bg6+ 1/2-1/2

[Event "GER-ch51 final email"]
[Site "GER email"]
[Date "2021.01.18"]
[Round "?"]
[White "Tornow, Michael"]
[Black "Loeffler, Werner"]
[Result "1-0"]
[WhiteElo "2396"]
[BlackElo "2412"]
[PlyCount "77"]
[EventDate "2021.??.??"]
[EventType "tourn (corr)"]
[EventRounds "14"]
[EventCountry "GER"]
[SourceTitle "Corr 2022"]
[Source "ChessBase"]
[SourceDate "2021.10.24"]
[SourceVersion "1"]
[SourceVersionDate "2021.10.24"]
[SourceQuality "1"]

1. d4 d5 2. c4 c6 3. Nf3 e6 4. Nc3 dxc4 5. a4 Bb4 6. e3 b5 7. Bd2 a5 8. axb5 Bxc3 9. Bxc3 cxb5 10. b3 Bb7 11. bxc4 b4 12. Bb2 Nf6 13. Bd3 Nbd7 14. 0-0 0-0 15. Nd2 Qc7 16. Bc2 Rfc8 17. Re1 e5 18. h3 Ra6 19. Ba4 Ne4 20. Nxe4 Bxe4 21. f3 Bc6 22. Bc2 Bb7 23. Rc1 h6 24. Re2 Rca8 25. Qd3 Nf8 26. Qd2 Nd7 27. Rf2 Rd8 28. d5 Nc5 29. e4 Re6 30. Qe3 Re7 31. f4 f6 32. fxe5 fxe5 33. Qg3 a4 34. Kh2 Bc8 35. Rcf1 a3 36. Bc1 Ba6 37. Qg6 a2 38. Be3 Bxc4 39. d6 1-0

[Event "GER-ch52 V05 email"]
[Site "GER email"]
[Date "2020.04.16"]
[Round "?"]
[White "Tornow, Michael"]
[Black "Egner, Michael"]
[Result "1/2-1/2"]
[WhiteElo "2381"]
[BlackElo "2338"]
[PlyCount "53"]
[EventDate "2020.??.??"]
[EventType "tourn (corr)"]
[EventRounds "10"]
[EventCountry "GER"]
[SourceTitle "Corr 2022"]
[Source "ChessBase"]
[SourceDate "2021.10.24"]
[SourceVersion "1"]
[SourceVersionDate "2021.10.24"]
[SourceQuality "1"]

1. e4 c5 2. Nf3 d6 3. d4 cxd4 4. Nxd4 Nf6 5. Nc3 a6 6. Be3 e5 7. Nb3 Be7 8. h3 Be6 9. f4 exf4 10. Bxf4 Nc6 11. Qe2 Nd7 12. 0-0-0 Nce5 13. Kb1 Rc8 14. Qe3 Qc7 15. Nd4 Nb6 16. Qf2 Nec4 17. Bc1 Qc5 18. Bxc4 Nxc4 19. Nce2 0-0 20. Nf4 Bf6 21. Rhf1 h6 22. c3 Be5 23. Ndxe6 Qxf2 24. Rxf2 fxe6 25. Rdf1 Bxf4 26. Rxf4 Rxf4 27. Rxf4 1/2-1/2

[Event "GER-ch52 V05 email"]
[Site "GER email"]
[Date "2020.04.16"]
[Round "?"]
[White "Tornow, Michael"]
[Black "Osterburg, Klaus Juergen"]
[Result "1/2-1/2"]
[WhiteElo "2381"]
[BlackElo "2333"]
[PlyCount "81"]
[EventDate "2020.??.??"]
[EventType "tourn (corr)"]
[EventRounds "10"]
[EventCountry "GER"]
[SourceTitle "Corr 2022"]
[Source "ChessBase"]
[SourceDate "2021.10.24"]
[SourceVersion "1"]
[SourceVersionDate "2021.10.24"]
[SourceQuality "1"]

1. e4 c6 2. d4 d5 3. e5 Bf5 4. Nf3 e6 5. Be2 Ne7 6. 0-0 c5 7. dxc5 Nec6 8. Be3 Nd7 9. c4 dxc4 10. Na3 Bxc5 11. Nxc4 0-0 12. Bxc5 Nxc5 13. Qc1 Nd7 14. Qf4 Qc7 15. Nd4 Ncxe5 16. Nxf5 exf5 17. Rfd1 Rae8 18. Bf1 Nf6 19. Rac1 Qb8 20. Qxf5 Nxc4 21. Bxc4 Qe5 22. Qxe5 Rxe5 23. Bb3 Re7 24. f3 g6 25. g4 h6 26. h4 Rb8 27. Kf2 Kg7 28. Rc2 b6 29. Rc6 Rbb7 30. Rd4 Nd7 31. Rc2 Nc5 32. Bc4 Rbd7 33. Rcd2 Rb7 34. Rd6 Nd7 35. Bb5 Nc5 36. R6d5 Ne6 37. Re5 Nf4 38. Rxe7 Rxe7 39. Bc4 Rc7 40. b3 Kf6 41. Rd8 1/2-1/2